|
|
|
|
| LEADER |
00000nam0a2200000 4500 |
| 001 |
314479 |
| 005 |
20231102002700.0 |
| 010 |
|
|
|a 9785991205146
|
| 035 |
|
|
|a (RuTPU)RU\TPU\book\339900
|
| 090 |
|
|
|a 314479
|
| 100 |
|
|
|a 20160216d2016 m y0rusy50 ca
|
| 101 |
0 |
|
|a rus
|
| 102 |
|
|
|a RU
|
| 105 |
|
|
|a a j 001zy
|
| 200 |
1 |
|
|a Схемотехника телекоммуникационных устройств
|e учебное пособие
|f А. Н. Чикалов, С. В. Соколов, Е. В. Титов
|
| 210 |
|
|
|a Москва
|c Горячая линия-Телеком
|d 2016
|
| 215 |
|
|
|a 322 с.
|c ил.
|
| 225 |
1 |
|
|a Учебное пособие для высших учебных заведений
|
| 225 |
1 |
|
|a Специальность
|
| 320 |
|
|
|a Библиогр.: с. 318.
|
| 330 |
|
|
|a Последовательно изложены принципы построения и работы как основных типов аналоговых усилителей, так и наиболее часто используемых схем, построенных на их основе. Приведена и подробно рассмотрена схемотехника базовых цифровых функциональных элементов телекоммуникационных систем и систем обработки информации.Материал, представленный в пособии, имеет практическую направленность и позволяет обеспечить формирование необходимых компетенций обучающихся.Для студентов, обучающихся по направлению подготовки 11.03.02, 11.04.02 - «Инфокоммуникационные технологии и системы связи» квалификации «бакалавр», «магистр» и 11.05.04 - «Инфокоммуникационные технологии и системы специальной связи» квалификации «специалист», может быть также использовано для изучения дисциплины «Схемотехника» по направлению «Информатика и вычислительная техника».
|
| 606 |
1 |
|
|a Телекоммуникации
|2 stltpush
|3 (RuTPU)RU\TPU\subj\67470
|9 83255
|
| 610 |
1 |
|
|a телекоммуникационные системы
|
| 610 |
1 |
|
|a аналоговые электронные устройства
|
| 610 |
1 |
|
|a усилители
|
| 610 |
1 |
|
|a обратная связь
|
| 610 |
1 |
|
|a устойчивость
|
| 610 |
1 |
|
|a усилительные каскады
|
| 610 |
1 |
|
|a схемы
|
| 610 |
1 |
|
|a анализ
|
| 610 |
1 |
|
|a синтез
|
| 610 |
1 |
|
|a импульсные усилители
|
| 610 |
1 |
|
|a операционные усилители
|
| 610 |
1 |
|
|a сигналы
|
| 610 |
1 |
|
|a деление
|
| 610 |
1 |
|
|a перемножение
|
| 610 |
1 |
|
|a регулировка
|
| 610 |
1 |
|
|a активные фильтры
|
| 610 |
1 |
|
|a генераторы гармонических колебаний
|
| 610 |
1 |
|
|a импульсные сигналы
|
| 610 |
1 |
|
|a логические элементы
|
| 610 |
1 |
|
|a триггеры
|
| 610 |
1 |
|
|a дешифраторы
|
| 610 |
1 |
|
|a мультиплексоры
|
| 610 |
1 |
|
|a сумматоры
|
| 610 |
1 |
|
|a регистры
|
| 610 |
1 |
|
|a счетчики
|
| 610 |
1 |
|
|a схемотехника
|
| 610 |
1 |
|
|a компьютерный анализ
|
| 610 |
1 |
|
|a учебные пособия
|
| 675 |
|
|
|a 621.39(075.8)
|v 4
|
| 700 |
|
1 |
|a Чикалов
|b А. Н.
|g Андрей Николаевич
|
| 701 |
|
1 |
|a Соколов
|b С. В.
|g Сергей Викторович
|
| 701 |
|
1 |
|a Титов
|b Е. В.
|g Евгений Вадимович
|
| 801 |
|
1 |
|a RU
|b 63413507
|c 20160216
|
| 801 |
|
2 |
|a RU
|b 63413507
|c 20160331
|g RCR
|
| 900 |
|
|
|a Схемотехника
|
| 942 |
|
|
|c BK
|
| 951 |
|
|
|l 8.1
|l 8.3
|l 8.2
|
| 959 |
|
|
|a 21/20160216
|d 3
|e 561,00
|f ЧЗТЛ:1
|f УФ:2
|